Lenguaje y Comunicación 5º Básico: Texto para el Estudiante

Salvato in:
Dettagli Bibliografici
Autori principali: Fanta Fredes, Cecilia (Autore), Recabarren Arancibia, Marcela (Autore)
Natura: Libro
Lingua:spagnolo
Pubblicazione: Santiago Cal y Canto 2009
Edizione:3a. ed
Soggetti:
Tags: Aggiungi Tag
Nessun Tag, puoi essere il primo ad aggiungerne!!

MARC

LEADER 00000nam a2200000 a 4500
001 UCG0036
003 CL-VaPUC
008 100312e20090000CL |||||||||||||||||spa|d
020 |a 956762794 
082 0 4 |a 372.6  |b FAN  |2 21 
100 0 |a Fanta Fredes, Cecilia  |e author  |9 547307 
700 0 |a Recabarren Arancibia, Marcela  |e author  |9 547308 
245 1 0 |a Lenguaje y Comunicación 5º Básico: Texto para el Estudiante 
250 |a 3a. ed 
300 |a 192 p 
942 |c BK 
945 |d 20100312 00:00:00  |a rbrito 
260 |a Santiago  |b Cal y Canto  |c 2009 
650 0 |a Educación lingüística  |9 306506 
650 0 |a Educación básica   |9 224933 
650 0 |a Libros de texto  |9 270019 
650 0 |a Métodos de enseñanza  |9 270413 
583 |a last modification  |c 20170816 01:25:52  |k Rodrigo Vera 
999 |c 339787  |d 339785 
952 |0 0  |1 0  |4 0  |6 372_600000000000000_FAN_2009  |7 0  |8 A  |9 433722  |a BIBEDU  |b BIBEDU  |d 2019-11-22  |i 4642066  |o 372.6 FAN 2009  |p 4642066  |r 2019-11-22  |w 2019-11-22  |y BK  |k EBA 
952 |0 0  |1 0  |4 0  |6 372_600000000000000_FAN_2009  |7 0  |8 A  |9 433723  |a BIBEDU  |b BIBEDU  |d 2019-11-22  |i 4642074  |o 372.6 FAN 2009  |p 4642074  |r 2019-11-22  |w 2019-11-22  |y BK  |k EBA 
952 |0 0  |1 0  |4 0  |6 372_600000000000000_FAN_2009  |7 0  |8 A  |9 433724  |a BIBEDU  |b BIBEDU  |d 2019-11-22  |i 4642082  |o 372.6 FAN 2009  |p 4642082  |r 2019-11-22  |w 2019-11-22  |y BK  |k EBA